000 00642nam a22002057a 4500
003 BUBTL
008 210209b xxu||||| |||| 00| 0 eng d
020 _a978984900419
082 _a516.16 / R1293t
100 _93859
_aRahman, A.F.M. Abdur
245 _aA Text Book on Co-Ordinate Geometry with Vector Analysis /
_cA.F.M. Abdur Rahman, P.K. Bhattacharjee
250 _a10th ed.
260 _aDhaka :
_bNew Book Palace,
_cc2020.
300 _a187 p. :
_c24 cm.
650 0 _9124
_aMathematics
700 _92168
_aBhattacharjee, P.K.
856 _k0
_l0
_yDownload
942 _2ddc
_cBK
999 _c6434
_d6434